Els teus fills estan a les xarxes socials? : Connecta-hi! / Connecta-hi! /
Publicado:
Barcelona :
Diputació de Barcelona. Centre de Prevenció i Intervenció en Drogodependències SPOTT ,
2022
Descripción Física:
1 quadríptic ; il. col. ; 15 x 21 cm
Materias:
Xarxes socials en línia
; Internet i joves
; Addictes -- Assistència institucional
; Fulletons
Idioma:
Catalán
MARC
| LEADER | 00000nam a22000007a 4500 | ||
|---|---|---|---|
| 001 | 28543 | ||
| 003 | AGDB | ||
| 005 | 20260324181525.0 | ||
| 008 | 230321b spa||||| |||| 00| 0 cat d | ||
| 017 | |a B 18152-2023 | ||
| 040 | |a agdb |b cat | ||
| 110 | 1 | |9 52862 |a Barcelona (Catalunya : Província). |b Centre de Prevenció i Intervenció en Drogodependències SPOTT | |
| 245 | |a Els teus fills estan a les xarxes socials? : |b Connecta-hi! / |c Centre SPOTT | ||
| 260 | |a Barcelona : |b Diputació de Barcelona. Centre de Prevenció i Intervenció en Drogodependències SPOTT ; |c 2022 | ||
| 300 | |a 1 quadríptic ; |b il. col. ; |c 15 x 21 cm | ||
| 650 | 0 | |9 50989 |a Xarxes socials en línia | |
| 650 | 0 | |9 56009 |a Internet i joves | |
| 650 | 0 | |9 55946 |a Addictes |x Assistència institucional | |
| 655 | 0 | |a Fulletons |9 55858 | |
| 710 | |a Barcelona (Catalunya : Província). |b Àrea d'Igualtat i Sostenibilitat Social |9 55833 | ||
| 942 | |c ARXIU |n 1 |2 udc | ||
| 952 | |0 0 |1 0 |4 0 |6 FU7746 |7 1 |9 97118 |a Arxiu |b Arxiu |d 2024-06-03 |l 0 |o FU-77-46 |p 28543 |r 2024-06-03 00:00:00 |w 2024-06-03 |y ARXIU | ||
| 999 | |c 128949 |d 128949 | ||